000 00796cam a2200253 a 4500
001 1039244
005 20180131050803.0
008 890830s1989 mdua b 000 0 eng
010 _a 89081065
020 _a0865877769
040 _aDLC
_cDLC
_dDLC
041 _aeng
043 _an-us---
051 _aHC110.E5
_bC26 1989
080 _a658.408 CAH
082 0 0 _a658.408 CAH
_220
100 1 _a9
101 _aMJE
245 1 0 _aEnvironmental audits /
_cLawrence B. Cahill, editor, with Raymond W. Kane ; contributing authors, Courtney M. Price, Thomas A. Vetrano, Tapio Kuusinen.
504 _aIncludes bibliographical references.
906 _a7
_bcbc
_corignew
_d2
_eopcn
_f19
_gy-gencatlg
942 _2ddc
_cBK
999 _c41364
_d41364